[Event "2 IECC, Ohrid"]
[Site "Ohrid MKD"]
[Date "2001.06.07"]
[Round "7.48"]
[White "Piket, Jeroen"]
[Black "Kantsler, Boris"]
[Result "1-0"]
[WhiteElo "2628"]
[BlackElo "2507"]
[EventDate "2001.06.01"]
[PlyCount "79"]

1.d4 d6 2.c4 e5 3.Nf3 e4 4.Ng5 f5 5.g3 Be7 6.Nh3 Nf6 7.Nc3 O-O 8.Bg2 c6 9.
d5 Ng4 10.O-O Bf6 11.Qc2 Na6 12.Rd1 Ne5 13.b3 c5 14.a3 Nc7 15.f3 exf3 16.
exf3 b5 17.cxb5 Rb8 18.Be3 Re8 19.Bf2 Nxb5 20.Nxb5 Rxb5 21.Nf4 Ng6 22.Rab1
Nxf4 23.gxf4 a5 24.Re1 Bd7 25.Bf1 Rb8 26.Bc4 Rxe1+ 27.Rxe1 a4 28.bxa4 Rb2 
29.Qd3 Qa5 30.Rb1 Rxb1+ 31.Qxb1 Qxa4 32.Qb8+ Be8 33.Bb3 Qd7 34.a4 Qd8 35.
Qa7 Qe7 36.Qb6 Qd8 37.a5 Qxb6 38.axb6 Bd8 39.Bxc5 Ba4 40.Ba2 1-0

[Event "2 IECC, Ohrid"]
[Site "Ohrid MKD"]
[Date "2001.06.07"]
[Round "7.52"]
[White "Chatalbashev, Boris"]
[Black "Mitkov, Nikola"]
[Result "1/2-1/2"]
[WhiteElo "2518"]
[BlackElo "2578"]
[EventDate "2001.06.01"]
[PlyCount "53"]

1.g3 d5 2.Bg2 c6 3.d3 Bg4 4.b3 Nd7 5.Bb2 e5 6.Nf3 Bd6 7.O-O Ne7 8.e4 O-O 
9.Nbd2 f6 10.h3 Bh5 11.Qe1 Nc5 12.Nh4 dxe4 13.Nxe4 Nxe4 14.dxe4 Bc5 15.Bf3
Bf7 16.Rd1 Qb6 17.Ng2 a5 18.a4 Rfd8 19.Qe2 Rxd1 20.Rxd1 Rd8 21.Rxd8+ Qxd8 
22.Ne3 h6 23.h4 Kh7 24.Kg2 Qd6 25.Bc1 Qd4 26.Ng4 Qc3 27.Ne3 1/2-1/2

[Event "2 IECC, Ohrid"]
[Site "Ohrid MKD"]
[Date "2001.06.07"]
[Round "7.57"]
[White "Volkov, Sergei"]
[Black "Grabarczyk, Miroslaw"]
[Result "1-0"]
[WhiteElo "2558"]
[BlackElo "2506"]
[EventDate "2001.06.01"]
[PlyCount "63"]

1.d4 d5 2.c4 c6 3.Nf3 Nf6 4.e3 e6 5.Bd3 Nbd7 6.O-O dxc4 7.Bxc4 c5 8.Qe2 
Be7 9.e4 cxd4 10.e5 Nd5 11.Bxd5 exd5 12.Nxd4 O-O 13.Nc3 Nb6 14.Bf4 Be6 15.
Rad1 Qd7 16.b3 Bb4 17.Qe3 Nc8 18.Nce2 Ne7 19.h4 Nc6 20.h5 Rac8 21.Qg3 Nxd4
22.Nxd4 Rc3 23.Be3 Bc5 24.h6 g6 25.Ne2 Rc2 26.Bxc5 Rxc5 27.Nf4 d4 28.Nh5 
Kh8 29.Nf6 Qc7 30.Rfe1 Rd8 31.Qf4 d3 32.Nd5 1-0

[Event "2 IECC, Ohrid"]
[Site "Ohrid MKD"]
[Date "2001.06.07"]
[Round "7.58"]
[White "Volokytin, Andriy"]
[Black "Nataf, Igor-Alexandre"]
[Result "1-0"]
[WhiteElo "2493"]
[BlackElo "2552"]
[EventDate "2001.06.01"]
[PlyCount "87"]

1.e4 c5 2.Nf3 Nc6 3.d4 cxd4 4.Nxd4 e5 5.Nb5 d6 6.c4 Be7 7.N1c3 a6 8.Na3 f5
9.Bd3 f4 10.Nc2 Nh6 11.b3 O-O 12.Be2 Be6 13.Ba3 Kh8 14.Qd2 b5 15.cxb5 axb5
16.Bb2 Bg5 17.Qd1 b4 18.Nd5 Rb8 19.O-O Qd7 20.Qd2 Nf7 21.f3 Bd8 22.Kh1 Ba5
23.Bc4 Ng5 24.Rad1 Qf7 25.Qe2 Qh5 26.Bb5 Na7 27.Ba4 Nc8 28.a3 Nb6 29.Nxb6 
Rf6 30.Rxd6 Rh6 31.g4 fxg3 32.Rd2 bxa3 33.Bxe5 Bxd2 34.Bxg3 Rxb6 35.Qxd2 
Nxf3 36.Qf2 Bg4 37.Rd1 Qg5 38.Bf4 Qe7 39.Qc5 Rbd6 40.Rxd6 Rxd6 41.Qxd6 
Qxd6 42.Bxd6 a2 43.Na1 Nd4 44.Kg2 1-0

[Event "2 IECC, Ohrid"]
[Site "Ohrid MKD"]
[Date "2001.06.07"]
[Round "7.60"]
[White "Jaracz, Pawel"]
[Black "Narciso Dublan, Marc"]
[Result "1/2-1/2"]
[WhiteElo "2484"]
[BlackElo "2544"]
[EventDate "2001.06.01"]
[PlyCount "75"]

1.e4 e5 2.Nf3 Nc6 3.Bc4 Bc5 4.c3 Nf6 5.d3 a6 6.h3 d6 7.Bb3 Ba7 8.Nbd2 O-O 
9.Nf1 d5 10.Qe2 dxe4 11.dxe4 Nh5 12.g3 Nf6 13.Bc2 Qe7 14.Be3 Rd8 15.Bxa7 
Rxa7 16.Ne3 g6 17.Nd2 Be6 18.f4 exf4 19.gxf4 Raa8 20.Qf2 Re8 21.O-O-O Bxa2
22.e5 Nh5 23.Rdg1 Kh8 24.Bd1 Nxf4 25.Qxf4 Nxe5 26.Bc2 Qd6 27.Rf1 Rad8 28.
Ng4 Nxg4 29.Qxd6 Rxd6 30.hxg4 Bd5 31.Rh2 Kg7 32.Rhf2 Re7 33.Bb3 Bxb3 34.
Nxb3 Rd5 35.Nd4 h5 36.gxh5 Rxh5 37.Rg1 Ree5 38.Rgf1 1/2-1/2

[Event "2 IECC, Ohrid"]
[Site "Ohrid MKD"]
[Date "2001.06.07"]
[Round "7.61"]
[White "Jobava, Baadur"]
[Black "Miton, Kamil"]
[Result "1/2-1/2"]
[WhiteElo "2543"]
[BlackElo "2497"]
[EventDate "2001.06.01"]
[PlyCount "163"]

1.d4 Nf6 2.c4 g6 3.g3 Bg7 4.Bg2 O-O 5.Nc3 d6 6.Nf3 c6 7.O-O Bf5 8.Ne1 Qc8 
9.e4 Bh3 10.f3 Bxg2 11.Kxg2 a6 12.a4 Nbd7 13.Bg5 b5 14.axb5 axb5 15.Rxa8 
Qxa8 16.cxb5 cxb5 17.Nd3 Qa5 18.Qb3 b4 19.Bxf6 Bxf6 20.Nd5 Rb8 21.Rc1 e6 
22.Nxf6+ Nxf6 23.Qc2 Qb5 24.Qc7 Ne8 25.Qc4 Qb6 26.b3 Qa5 27.Kf2 Kf8 28.Ke3
Qg5+ 29.Ke2 Qa5 30.h4 h5 31.Ke3 Qa7 32.Ke2 Rb7 33.Kd2 Rb8 34.Rc2 Qa1 35.
Rc1 Qa2+ 36.Qc2 Qa7 37.Qb2 Nc7 38.Rc4 Qa5 39.Ke2 d5 40.Rc5 Qa7 41.Ke3 dxe4
42.fxe4 Nb5 43.Nxb4 e5 44.Rxe5 Nd6 45.Nc6 Qb7 46.Na5 Qb4 47.Qd2 Qa3 48.Rc5
Re8 49.e5 Nf5+ 50.Kf4 Rd8 51.Nc6 Qxc5 52.Nxd8 Qb6 53.Nxf7 Kxf7 54.g4 hxg4 
55.Kxg4 Qxb3 56.Qf2 Qd1+ 57.Kf4 Qc1+ 58.Ke4 Qh1+ 59.Kd3 Qxh4 60.Qxh4 Nxh4 
61.d5 Nf5 62.Ke4 Ne7 63.Kd4 Nc8 64.Ke3 Nb6 65.Ke4 Ke7 66.Kd4 Nd7 67.Ke4 
Nc5+ 68.Kd4 Nb7 69.Ke4 Nd8 70.Kf4 Kf7 71.Ke4 Kg7 72.Kf4 Kf7 73.Ke4 Nb7 74.
Kf4 Nc5 75.Kg5 Kg7 76.Kf4 Nd7 77.e6 Nb6 78.d6 Kf6 79.d7 Ke7 80.Kg5 Nxd7 
81.exd7 Kxd7 82.Kxg6 1/2-1/2

[Event "2 IECC, Ohrid"]
[Site "Ohrid MKD"]
[Date "2001.06.07"]
[Round "7.63"]
[White "Timoscenko, Gennadij"]
[Black "Halkias, Stelios"]
[Result "1/2-1/2"]
[WhiteElo "2531"]
[BlackElo "2494"]
[EventDate "2001.06.01"]
[PlyCount "92"]

1.Nf3 c5 2.c4 e6 3.Nc3 d5 4.cxd5 exd5 5.d4 Nc6 6.g3 Nf6 7.Bg2 Be7 8.O-O 
O-O 9.Bg5 c4 10.Ne5 Be6 11.f4 Ng4 12.Nxg4 Bxg4 13.Nxd5 Bxg5 14.fxg5 Qxg5 
15.Rf4 Rad8 16.Qd2 Rfe8 17.e4 Be6 18.Rc1 Bxd5 19.exd5 Ne7 20.Rxc4 Nxd5 21.
Rc5 h6 22.Rf2 Qxd2 23.Rxd2 Nf6 24.Bxb7 Re7 25.Bf3 Red7 26.d5 g5 27.b4 g4 
28.Bg2 Kg7 29.Kf2 Re7 30.a3 Ne8 31.Re2 Red7 32.Rec2 Nf6 33.Rd2 Re7 34.b5 
Ne8 35.a4 Nd6 36.Re2 Red7 37.Rec2 Kf6 38.Rc7 Ke5 39.Re2+ Kf6 40.Rc6 Kf5 
41.Ke1 h5 42.h4 Re8 43.Rxe8 Nxe8 44.Ke2 Nd6 45.Kd3 Ke5 46.Ke3 Nf5+ 1/2-1/2

[Event "2 IECC, Ohrid"]
[Site "Ohrid MKD"]
[Date "2001.06.07"]
[Round "7.65"]
[White "Gdanski, Jacek"]
[Black "Duric, Stefan"]
[Result "1/2-1/2"]
[WhiteElo "2528"]
[BlackElo "2483"]
[EventDate "2001.06.01"]
[PlyCount "80"]

1.e4 c5 2.Nf3 e6 3.Nc3 Nc6 4.Bb5 Nge7 5.O-O a6 6.Bxc6 Nxc6 7.d4 cxd4 8.
Nxd4 Be7 9.Nxc6 bxc6 10.e5 O-O 11.Ne4 Qa5 12.Bf4 f5 13.exf6 Bxf6 14.Bd6 
Rf7 15.c3 Qd5 16.Qe2 a5 17.c4 Qd4 18.b3 Qa7 19.Rad1 Ba6 20.Rd3 a4 21.Rfd1 
axb3 22.axb3 Bc8 23.Rf3 Qa5 24.h3 Qd8 25.Kh2 Bb7 26.Rdd3 c5 27.Nxf6+ Rxf6 
28.Rg3 Rf5 29.Be5 g6 30.Bb2 Bc6 31.Qd2 Qf8 32.f3 e5 33.Rg4 Ra2 34.Qc3 Qf6 
35.b4 Rf4 36.b5 Rxg4 37.hxg4 Qh4+ 38.Kg1 Rxb2 39.Qxb2 Qe1+ 40.Kh2 Qh4+ 
1/2-1/2

[Event "2 IECC, Ohrid"]
[Site "Ohrid MKD"]
[Date "2001.06.07"]
[Round "7.67"]
[White "Weiss, Christian"]
[Black "Rechlis, Gad"]
[Result "1/2-1/2"]
[WhiteElo "2368"]
[BlackElo "2525"]
[EventDate "2001.06.01"]
[PlyCount "107"]

1.e4 c5 2.Nf3 Nc6 3.d4 cxd4 4.Nxd4 Qc7 5.Nc3 e6 6.g3 a6 7.Bg2 Nf6 8.O-O 
Nxd4 9.Qxd4 Bc5 10.Bf4 d6 11.Qd3 h6 12.Na4 e5 13.Nxc5 exf4 14.Nb3 fxg3 15.
hxg3 Be6 16.Nd4 Bd7 17.Rfd1 Rd8 18.c4 O-O 19.Ne2 Be6 20.Nd4 Bd7 21.Ne2 Bg4
22.f3 Be6 23.b3 b5 24.cxb5 d5 25.e5 Qxe5 26.bxa6 Bc8 27.b4 Rfe8 28.Re1 Bf5
29.Qd2 d4 30.Nf4 Qd6 31.Rxe8+ Rxe8 32.g4 d3 33.Rd1 Bh7 34.Nxd3 Bxd3 35.a7 
Qb6+ 36.Qf2 Qxf2+ 37.Kxf2 Re2+ 38.Kg3 Rxa2 39.Rxd3 Rxa7 40.f4 Kf8 41.b5 
Nd7 42.Re3 Nb6 43.Bc6 g6 44.Kf3 Kg7 45.Re4 Ra3+ 46.Kf2 Kf6 47.Re8 Rb3 48.
Rb8 Na4 49.Bd5 Rb4 50.Ke3 Nc3 51.Bc6 Na4 52.Bd5 g5 53.fxg5+ hxg5 54.Rb7 
1/2-1/2

[Event "2 IECC, Ohrid"]
[Site "Ohrid MKD"]
[Date "2001.06.07"]
[Round "7.68"]
[White "Kruppa, Yuriy"]
[Black "Kristjansson, Stefan"]
[Result "1-0"]
[WhiteElo "2572"]
[BlackElo "2371"]
[EventDate "2001.06.01"]
[PlyCount "119"]

1.d4 d5 2.c4 c6 3.Nc3 Nf6 4.e3 g6 5.Nf3 Bg7 6.Be2 O-O 7.O-O Bg4 8.cxd5 
cxd5 9.Qb3 b6 10.h3 Bxf3 11.Bxf3 e6 12.Qa4 a6 13.Bd2 Nbd7 14.Rfc1 b5 15.
Qd1 Qb8 16.Be1 Rc8 17.Ne2 Qb7 18.Nf4 e5 19.Nxd5 Nxd5 20.dxe5 N7b6 21.Ba5 
Qd7 22.Rxc8+ Rxc8 23.Bg4 Qe8 24.Bxc8 Qxc8 25.e4 Nc4 26.exd5 Nxa5 27.Rc1 
Qd7 28.e6 fxe6 29.dxe6 Qxd1+ 30.Rxd1 Bf6 31.Rd6 Nc4 32.Rxa6 Be7 33.b3 Na3 
34.Ra7 Kf8 35.Kf1 b4 36.Ke2 Nb5 37.Rd7 Nc3+ 38.Kd3 Nxa2 39.Kc4 Nc3 40.f4 
Ne2 41.Rd2 Nc3 42.f5 Ne4 43.Rd5 Kg7 44.fxg6 hxg6 45.Rd4 Nf6 46.h4 Ne8 47.
Rf4 Nf6 48.g4 Bd6 49.Rd4 Ne8 50.h5 gxh5 51.gxh5 Kf6 52.h6 Kxe6 53.h7 Be5 
54.Rd8 Ke7 55.Ra8 Bc3 56.Kb5 Kd7 57.Kb6 Bd4+ 58.Ka5 Bc3 59.Ka4 Ke7 60.Rc8 
1-0

[Event "2 IECC, Ohrid"]
[Site "Ohrid MKD"]
[Date "2001.06.07"]
[Round "7.69"]
[White "Kortschnoj, Viktor"]
[Black "Smirnov, Pavel"]
[Result "1-0"]
[WhiteElo "2643"]
[BlackElo "2511"]
[EventDate "2001.06.01"]
[PlyCount "91"]

1.d4 Nf6 2.c4 g6 3.Nc3 Bg7 4.e4 d6 5.Be2 O-O 6.Bg5 Na6 7.Nf3 e5 8.O-O c6 
9.Qd2 Bg4 10.Rad1 Qc7 11.h3 Be6 12.a3 Rfe8 13.d5 cxd5 14.cxd5 Bd7 15.b4 
Rac8 16.Rc1 Qb8 17.Qe3 Nh5 18.Qd2 Nf4 19.Bb5 Qc7 20.Bxf4 exf4 21.Qxf4 Nb8 
22.Ng5 Re7 23.Bxd7 Qxd7 24.Nb5 Rxc1 25.Rxc1 Be5 26.Qh4 h5 27.Rc7 Qe8 28.
Ne6 Rxc7 29.Nbxc7 Qd7 30.Qd8+ Qxd8 31.Nxd8 Bb2 32.a4 Bc3 33.Nxb7 Bxb4 34.
Nb5 a6 35.N5xd6 Nd7 36.Nc4 Kf8 37.Kf1 Nf6 38.f3 Ke7 39.Nba5 Bxa5 40.Nxa5 
Nd7 41.Nc4 Nc5 42.a5 f5 43.e5 Nd3 44.h4 f4 45.Ke2 Nb4 46.Nb6 1-0

[Event "2 IECC, Ohrid"]
[Site "Ohrid MKD"]
[Date "2001.06.07"]
[Round "7.73"]
[White "Tischbierek, Raj"]
[Black "Izoria, Zviad"]
[Result "1/2-1/2"]
[WhiteElo "2527"]
[BlackElo "2489"]
[EventDate "2001.06.01"]
[PlyCount "47"]

1.e4 e6 2.d4 d5 3.Nc3 Nf6 4.Bg5 dxe4 5.Nxe4 Be7 6.Bxf6 Bxf6 7.Nf3 O-O 8.
Bc4 Nc6 9.c3 e5 10.d5 Ne7 11.Nxf6+ gxf6 12.Qd2 Qd6 13.O-O-O Bg4 14.Qe3 Kh8
15.h3 Bd7 16.g4 Ng6 17.Bb3 Rae8 18.Bc2 Rg8 19.Nd2 Qxd5 20.Bb3 Qa5 21.Ne4 
Be6 22.Nxf6 Bxb3 23.Qh6 Nf8 24.Nxe8 1/2-1/2

[Event "2 IECC, Ohrid"]
[Site "Ohrid MKD"]
[Date "2001.06.07"]
[Round "7.74"]
[White "Roder, Matthias"]
[Black "Sulava, Nenad"]
[Result "1/2-1/2"]
[WhiteElo "2459"]
[BlackElo "2526"]
[EventDate "2001.06.01"]
[PlyCount "26"]

1.d4 d5 2.c4 dxc4 3.e3 g6 4.Bxc4 Bg7 5.Nf3 Nf6 6.Nc3 O-O 7.O-O Ne8 8.h3 
Nd6 9.Be2 Bf5 10.Bd3 Bxd3 11.Qxd3 Nd7 12.e4 c5 13.Be3 cxd4 1/2-1/2

[Event "2 IECC, Ohrid"]
[Site "Ohrid MKD"]
[Date "2001.06.07"]
[Round "7.75"]
[White "Rabiega, Robert"]
[Black "Gausel, Einar"]
[Result "1/2-1/2"]
[WhiteElo "2517"]
[BlackElo "2480"]
[EventDate "2001.06.01"]
[PlyCount "67"]

1.e4 c5 2.Nf3 Nc6 3.c3 e6 4.d4 d5 5.exd5 exd5 6.Bb5 Bd6 7.O-O Ne7 8.dxc5 
Bxc5 9.Nbd2 O-O 10.Nb3 Bb6 11.Re1 Bg4 12.Be3 Bxe3 13.Rxe3 Qc7 14.Bxc6 bxc6
15.Qd4 Bxf3 16.Rxf3 Rfe8 17.Nc5 Ng6 18.Re3 Qb6 19.b3 Qa5 20.a4 Rxe3 21.
Qxe3 Qd8 22.a5 h6 23.b4 Qe8 24.Re1 Qxe3 25.Rxe3 Rd8 26.Nb3 Kf8 27.g3 Ne7 
28.f3 Nf5 29.Rd3 Nd6 30.Kf2 Re8 31.Nd4 Rc8 32.Nb3 Re8 33.Nd4 Rc8 34.Nb3 
1/2-1/2

[Event "2 IECC, Ohrid"]
[Site "Ohrid MKD"]
[Date "2001.06.07"]
[Round "7.76"]
[White "Bogdanovski, Vlatko"]
[Black "Sargissian, Gabriel"]
[Result "1-0"]
[WhiteElo "2463"]
[BlackElo "2517"]
[EventDate "2001.06.01"]
[PlyCount "87"]

1.d4 e6 2.Nf3 f5 3.g3 Nf6 4.Bg2 d5 5.O-O Bd6 6.c4 c6 7.b3 Qe7 8.Bb2 O-O 9.
Qc1 Bd7 10.Ba3 Be8 11.Bxd6 Qxd6 12.Qb2 Bh5 13.Ne5 Nbd7 14.e3 Ne4 15.f3 
Nec5 16.f4 Ne4 17.Bxe4 fxe4 18.g4 Be8 19.Qa3 Qxa3 20.Nxa3 Nxe5 21.fxe5 Bg6
22.Rxf8+ Rxf8 23.Rf1 Rf3 24.Nc2 h5 25.gxh5 Bxh5 26.Rxf3 Bxf3 27.c5 a5 28.
Ne1 Bd1 29.Ng2 Kf7 30.h4 Kg6 31.Nf4+ Kf5 32.Kf2 g6 33.Kg3 Bh5 34.Nh3 g5 
35.hxg5 Bg4 36.Nf2 Bh5 37.Kh4 Bf7 38.Nh3 Bg6 39.Nf4 Be8 40.Nh5 Bf7 41.Nf6 
Kg6 42.Nd7 Kg7 43.Nb6 Bg6 44.Nc8 1-0

[Event "2 IECC, Ohrid"]
[Site "Ohrid MKD"]
[Date "2001.06.07"]
[Round "7.78"]
[White "Dancevski, Orce"]
[Black "Degraeve, Jean-Marc"]
[Result "0-1"]
[WhiteElo "2428"]
[BlackElo "2589"]
[EventDate "2001.06.01"]
[PlyCount "104"]

1.d4 Nf6 2.c4 c5 3.d5 b5 4.a4 bxc4 5.Nc3 d6 6.e4 Ba6 7.Nf3 Nbd7 8.Qc2 g6 
9.Nb5 Nb6 10.Na3 Bg7 11.a5 Nbd7 12.Nxc4 O-O 13.Be2 Rb8 14.Bd2 Ng4 15.Rb1 
Qc8 16.O-O Nge5 17.b3 Nxf3+ 18.Bxf3 Bd4 19.Be2 Ne5 20.Bh6 Re8 21.Nxe5 Bxe5
22.Bc4 Bb5 23.b4 Qa6 24.Rfc1 Bxc4 25.Qxc4 Qxc4 26.Rxc4 Rb5 27.Bd2 Reb8 28.
a6 f5 29.exf5 gxf5 30.Rb3 R5b6 31.g4 Rxa6 32.gxf5 cxb4 33.Rcxb4 Rxb4 34.
Rxb4 Kg7 35.Kg2 Ra3 36.Rg4+ Kf6 37.Rh4 Kxf5 38.Rxh7 Kf6 39.Be3 a5 40.Kf3 
a4 41.Rh5 Kg6 42.Rh6+ Kg7 43.Rh3 Rxe3+ 44.fxe3 a3 45.Rg3+ Kf7 46.Rg2 Bb2 
47.e4 a2 48.Rxb2 a1=Q 49.Rf2 Qd4 50.h4 Kg6 51.Rg2+ Kh5 52.Kf4 Qe5+ 0-1

[Event "2 IECC, Ohrid"]
[Site "Ohrid MKD"]
[Date "2001.06.07"]
[Round "7.79"]
[White "Golod, Vitali"]
[Black "Hillarp Persson, Tiger"]
[Result "1-0"]
[WhiteElo "2593"]
[BlackElo "2443"]
[EventDate "2001.06.01"]
[PlyCount "37"]

1.d4 d5 2.Nf3 Nf6 3.c4 dxc4 4.e3 Be6 5.Nc3 a6 6.Ng5 Bg4 7.f3 Bc8 8.Bxc4 e6
9.O-O b5 10.Bb3 Bb7 11.a4 b4 12.Nce4 Nd5 13.f4 g6 14.Nxf7 Kxf7 15.Ng5+ Ke7
16.e4 h6 17.f5 gxf5 18.exd5 Bxd5 19.Re1 1-0

[Event "2 IECC, Ohrid"]
[Site "Ohrid MKD"]
[Date "2001.06.07"]
[Round "7.81"]
[White "Petrov, Marijan"]
[Black "Bezgodov, Alexei"]
[Result "0-1"]
[WhiteElo "2425"]
[BlackElo "2543"]
[EventDate "2001.06.01"]
[PlyCount "156"]

1.e4 e5 2.Nf3 Nc6 3.Bb5 a6 4.Ba4 Nf6 5.O-O Be7 6.Bxc6 dxc6 7.d3 Nd7 8.Nbd2
O-O 9.Nc4 f6 10.Nh4 Nb6 11.Ne3 g6 12.b3 Bd6 13.g3 Bh3 14.Nhg2 Qe7 15.g4 
Nd7 16.Qf3 Bxg2 17.Nxg2 Nc5 18.Bh6 Rf7 19.Ne3 Ne6 20.Kh1 Qd7 21.Nc4 Bf8 
22.Bd2 Re8 23.Qg3 b5 24.Ne3 Bh6 25.Bc3 Qd6 26.Bb2 Qc5 27.Rac1 Rd8 28.h4 
Bf4 29.Qh3 Nd4 30.Rfe1 Qe7 31.Qg2 f5 32.exf5 Qxh4+ 33.Kg1 gxf5 34.Bxd4 
exd4 35.Nxf5 Rxf5 36.gxf5+ Kf7 37.Kf1 Rg8 38.Qf3 Bxc1 39.f6 Be3 40.Qf5 Qf4
41.Qxh7+ Kxf6 42.Re2 Qg4 43.Qh1 Bf4 44.Qxc6+ Bd6 45.Qh1 Qg5 46.Re4 Rf8 47.
Qh3 Qc1+ 48.Re1 Qf4 49.Re4 Qc1+ 50.Re1 Qf4 51.Re4 Qf5 52.Qh4+ Kf7 53.Rxd4 
Ke6 54.a4 b4 55.Re4+ Kd7 56.Ke2 Kc8 57.Ke1 Qc5 58.Qg4+ Kb8 59.Re2 Qc3+ 60.
Kf1 Qa1+ 61.Re1 Qf6 62.Re2 Qf4 63.Qg6 Ka7 64.Qg7 Qh4 65.Qg2 Rh8 66.Re4 Qh6
67.Re3 Rf8 68.Qe4 Bc5 69.d4 Qf6 70.Re2 Qxd4 71.Qxd4 Bxd4 72.Kg2 Kb6 73.Kg3
Rg8+ 74.Kf4 Kc5 75.f3 Kd5 76.Kf5 Rf8+ 77.Kg4 Be5 78.Rd2+ Ke6 0-1

[Event "2 IECC, Ohrid"]
[Site "Ohrid MKD"]
[Date "2001.06.07"]
[Round "7.82"]
[White "Slobodjan, Roman"]
[Black "Stanojoski, Zvonko"]
[Result "1-0"]
[WhiteElo "2529"]
[BlackElo "2435"]
[EventDate "2001.06.01"]
[PlyCount "57"]

1.d4 d5 2.Nf3 c6 3.c4 e6 4.Nbd2 Nf6 5.e3 Nbd7 6.Bd3 Bd6 7.O-O O-O 8.e4 
dxe4 9.Nxe4 Nxe4 10.Bxe4 h6 11.Bc2 Qc7 12.Qd3 Nf6 13.Re1 Rd8 14.Qc3 c5 15.
dxc5 Bxc5 16.b4 Be7 17.Ne5 Bd6 18.Bb2 a5 19.Ng4 Be7 20.b5 h5 21.Ne5 Bb4 
22.Qg3 Bxe1 23.Rxe1 Qd6 24.Bc3 Bd7 25.Qg5 Qe7 26.Re3 Kf8 27.Rg3 Qa3 28.
Qxg7+ Ke7 29.Ng6+ 1-0

[Event "2 IECC, Ohrid"]
[Site "Ohrid MKD"]
[Date "2001.06.07"]
[Round "7.83"]
[White "Konopka, Michal"]
[Black "Likavsky, Tomas"]
[Result "1/2-1/2"]
[WhiteElo "2507"]
[BlackElo "2425"]
[EventDate "2001.06.01"]
[PlyCount "158"]

1.d4 e6 2.Nf3 Nf6 3.g3 b5 4.Bg2 Bb7 5.O-O c5 6.c3 a6 7.a4 b4 8.Nbd2 Qc7 9.
Nb3 c4 10.Bf4 d6 11.Nbd2 Nd5 12.e4 Nxf4 13.gxf4 d5 14.e5 g6 15.cxb4 Bxb4 
16.Nb1 Nc6 17.Nc3 Na5 18.Qe2 Nb3 19.Rad1 Bc6 20.Qe3 Qd7 21.Ng5 O-O-O 22.
Na2 Ba5 23.Nc1 Nxc1 24.Rxc1 h6 25.Nf3 Bxa4 26.b3 Bb5 27.bxc4 dxc4 28.Qa3 
Qc7 29.Rfd1 Rd7 30.d5 Rxd5 31.Rxd5 exd5 32.Nd4 Rd8 33.e6 Qxf4 34.Nxb5 axb5
35.Ra1 Bb6 36.e7 Qxf2+ 37.Kh1 Re8 38.Qa8+ Kd7 39.Qxd5+ Kxe7 40.Rf1 Kf8 41.
Rxf2 Bxf2 42.Be4 Bh4 43.Qd4 Bf6 44.Qc5+ Kg7 45.Bd5 c3 46.Bb3 Re1+ 47.Kg2 
Re5 48.Qc7 Re7 49.Qc5 Re5 50.Qc7 Re7 51.Qc6 b4 52.Kf3 Bg5 53.Qc4 Rb7 54.
Qd5 Re7 55.Qd4+ Bf6 56.Qxb4 Rc7 57.Qa5 Re7 58.Qd5 Rc7 59.Bc2 Re7 60.h3 Re5
61.Qc4 Re7 62.Be4 Rd7 63.Bc2 Re7 64.Bb3 Re6 65.Bc2 Re7 66.Bd3 Re5 67.Be4 
Re7 68.Ke2 Rd7 69.Bd3 Re7+ 70.Kd1 Re3 71.Bc2 Rxh3 72.Bb3 c2+ 73.Bxc2 Re3 
74.Be4 Rc3 75.Qd5 Rc7 76.Ke2 h5 77.Kf3 Re7 78.Bd3 Re5 79.Qd6 Re7 1/2-1/2

[Event "2 IECC, Ohrid"]
[Site "Ohrid MKD"]
[Date "2001.06.07"]
[Round "7.84"]
[White "Abbasov, Farid"]
[Black "Jacimovic, Dragoljub"]
[Result "1/2-1/2"]
[WhiteElo "2439"]
[BlackElo "2504"]
[EventDate "2001.06.01"]
[PlyCount "110"]

1.d4 Nf6 2.c4 g6 3.Nc3 d5 4.Nf3 Bg7 5.Bg5 Ne4 6.cxd5 Nxg5 7.Nxg5 e6 8.Nf3 
exd5 9.e3 O-O 10.Qc2 c6 11.Bd3 Re8 12.O-O a5 13.Na4 Nd7 14.Rab1 Bf8 15.a3 
Qf6 16.Rfe1 Bd6 17.Rbc1 Rb8 18.Nc3 Qd8 19.e4 Bf4 20.Rcd1 Nf6 21.e5 Nh5 22.
h3 Bh6 23.Ne2 Bd7 24.Kh2 Ng7 25.Rb1 Ne6 26.g3 Qb6 27.b4 Rec8 28.Qb3 axb4 
29.axb4 Ra8 30.Kg2 Ra7 31.Rb2 Rca8 32.h4 Ra3 33.Qc2 R8a4 34.Reb1 Ra1 35.h5
Kg7 36.hxg6 hxg6 37.Rxa1 Rxa1 38.Qb3 Qa7 39.Qc2 Qa8 40.b5 Qc8 41.bxc6 bxc6
42.Rb1 Rxb1 43.Qxb1 c5 44.dxc5 Qxc5 45.Qb2 Kh7 46.Qb7 Qc6 47.Qxc6 Bxc6 48.
Nfd4 Bd7 49.f4 Bf8 50.Bb5 Nxd4 51.Nxd4 Bc5 52.Nb3 Bxb5 53.Nxc5 Kg7 54.Kf3 
f6 55.Ke3 g5 1/2-1/2

[Event "2 IECC, Ohrid"]
[Site "Ohrid MKD"]
[Date "2001.06.07"]
[Round "7.85"]
[White "Arbakov, Valentin"]
[Black "Mchedlishvili, Mikheil"]
[Result "0-1"]
[WhiteElo "2491"]
[BlackElo "2416"]
[EventDate "2001.06.01"]
[PlyCount "112"]

1.Nf3 d5 2.d4 Nf6 3.c4 dxc4 4.Nc3 a6 5.e4 b5 6.e5 Nd5 7.a4 Nxc3 8.bxc3 Qd5
9.g3 Bb7 10.Bg2 Qd7 11.Ba3 g6 12.O-O Bg7 13.Re1 O-O 14.e6 fxe6 15.Ne5 Qc8 
16.Bh3 Bd5 17.Bxe7 Re8 18.Bg5 Nd7 19.Ng4 Qb7 20.Nh6+ Bxh6 21.Bxh6 b4 22.
cxb4 Qxb4 23.Rb1 Qd6 24.Qd2 Rab8 25.Bf4 Qc6 26.Qa5 Rxb1 27.Rxb1 Rc8 28.Re1
Kf7 29.Rc1 Qb6 30.Qe1 Qb3 31.Rc3 Qxa4 32.Bg5 Qc6 33.Qc1 Kg8 34.Bf1 Nb6 35.
Ra3 Ra8 36.Ra5 Qd7 37.Qe3 Qf7 38.Bh3 c6 39.Qe5 Nd7 40.Qe3 Nf6 41.f3 Rb8 
42.Rxa6 Rb1+ 43.Bf1 Ng4 44.Qa3 Rb3 45.Qd6 Rxf3 46.Bf4 Qb7 47.Ra1 Rf2 48.
Qd8+ Kf7 49.Rb1 Qxb1 50.Qc7+ Kf6 51.Qd8+ Kf5 52.Qg5+ Ke4 53.Bc1 Rxf1+ 54.
Kxf1 Qd3+ 55.Ke1 Qf3 56.Bf4 Kd3 0-1

[Event "2 IECC, Ohrid"]
[Site "Ohrid MKD"]
[Date "2001.06.07"]
[Round "7.87"]
[White "Cao, Sang"]
[Black "Khruschiov, Alexei"]
[Result "1-0"]
[WhiteElo "2488"]
[BlackElo "2400"]
[EventDate "2001.06.01"]
[PlyCount "97"]

1.e4 e5 2.Nf3 Nc6 3.Bb5 a6 4.Ba4 Nf6 5.O-O Be7 6.Re1 b5 7.Bb3 d6 8.c3 O-O 
9.d3 Na5 10.Bc2 c5 11.Nbd2 Nd7 12.Nf1 Bf6 13.Ne3 Nb6 14.h3 Nc6 15.Ng4 Be7 
16.d4 exd4 17.cxd4 Bb7 18.d5 Nb4 19.Bb1 f5 20.exf5 N4xd5 21.a3 Qd7 22.Qc2 
Nf6 23.Ng5 Nxg4 24.hxg4 Bxg5 25.Bxg5 Rae8 26.Ba2+ c4 27.Rad1 Qc6 28.f3 Nd7
29.Bb1 Ne5 30.Qf2 a5 31.Bd2 Qc7 32.Bc3 Nc6 33.Be4 Nd8 34.Bc2 Nc6 35.Be4 
Nd8 36.Qd2 Bxe4 37.fxe4 Qb6+ 38.Kh2 Nb7 39.g5 Qc6 40.Qd4 Re5 41.Qe3 Ree8 
42.Qg3 Rf7 43.g6 Rc7 44.Qh4 h6 45.f6 gxf6 46.Qxf6 Re5 47.Rf1 Qe8 48.Rxd6 
Rcc5 49.Rd7 1-0

[Event "2 IECC, Ohrid"]
[Site "Ohrid MKD"]
[Date "2001.06.07"]
[Round "7.91"]
[White "Azarov, Sergei"]
[Black "Ilic, Ljubomir"]
[Result "1-0"]
[WhiteElo "2452"]
[BlackElo "2282"]
[EventDate "2001.06.01"]
[PlyCount "105"]

1.e4 c5 2.Nf3 e6 3.d4 cxd4 4.Nxd4 Nf6 5.Nc3 d6 6.Be3 Be7 7.f3 O-O 8.Qd2 
Nc6 9.g4 d5 10.g5 Nh5 11.O-O-O Nxd4 12.Qxd4 Bxg5 13.exd5 exd5 14.Nxd5 Be6 
15.Bc4 Rc8 16.Bxg5 Qxg5+ 17.Kb1 Bxd5 18.Qxd5 Qxd5 19.Bxd5 Rc7 20.Rhe1 Rfc8
21.Bb3 Kf8 22.Rd4 g6 23.Red1 Nf6 24.a4 Re7 25.Bc4 Rc5 26.b4 Rh5 27.Rf4 Kg7
28.h4 Rhe5 29.Kb2 Re3 30.Rd3 Rxd3 31.cxd3 h5 32.Kc3 Ng8 33.Re4 Rc7 34.a5 
Ne7 35.b5 Kf8 36.Kb4 b6 37.Rd4 bxa5+ 38.Kxa5 Nf5 39.Rd8+ Ke7 40.Ra8 Nxh4 
41.Ka6 Nxf3 42.Rxa7 Rxa7+ 43.Kxa7 Nd4 44.b6 Nc6+ 45.Kb7 Nd8+ 46.Kc7 g5 47.
d4 g4 48.d5 g3 49.Bf1 f5 50.Bg2 Ke8 51.d6 Ne6+ 52.Kc8 Nd8 53.b7 1-0

[Event "2 IECC, Ohrid"]
[Site "Ohrid MKD"]
[Date "2001.06.07"]
[Round "7.93"]
[White "Torfinnsson, Bragi"]
[Black "Zuger, Beat"]
[Result "1-0"]
[WhiteElo "2292"]
[BlackElo "2448"]
[EventDate "2001.06.01"]
[PlyCount "49"]

1.d4 Nf6 2.c4 c5 3.d5 b5 4.cxb5 a6 5.b6 e6 6.Nc3 Nxd5 7.Nxd5 exd5 8.Qxd5 
Nc6 9.e4 Be7 10.Nf3 Rb8 11.Bc4 O-O 12.Bd2 Rxb6 13.O-O Rxb2 14.Bc3 Rb6 15.
Rad1 d6 16.Qh5 Bf6 17.e5 g6 18.Qh6 Bg7 19.Qe3 Re8 20.Qf4 Be6 21.Rxd6 Qb8 
22.Bxe6 fxe6 23.Ng5 Nd8 24.Rdd1 Bh6 25.Rxd8 1-0

[Event "2 IECC, Ohrid"]
[Site "Ohrid MKD"]
[Date "2001.06.07"]
[Round "7.95"]
[White "Kiroski, Toni"]
[Black "Kempinski, Robert"]
[Result "1/2-1/2"]
[WhiteElo "2403"]
[BlackElo "2582"]
[EventDate "2001.06.01"]
[PlyCount "152"]

1.e4 c5 2.Nf3 d6 3.d4 cxd4 4.Nxd4 Nf6 5.Nc3 a6 6.Be2 e6 7.a4 Be7 8.O-O Qc7
9.f4 Nc6 10.Be3 O-O 11.Kh1 Re8 12.Bf3 Na5 13.Bg1 Bf8 14.Qe1 Rb8 15.g4 Nd7 
16.g5 b6 17.Bg2 Bb7 18.Qg3 Rbc8 19.f5 Ne5 20.fxe6 fxe6 21.Rae1 Re7 22.Nd1 
Nac6 23.c3 Qd7 24.b3 Qe8 25.Nxc6 Qxc6 26.Bd4 Qc7 27.c4 Bc6 28.Ne3 Nd3 29.
Re2 Rf7 30.Rxf7 Qxf7 31.Ng4 e5 32.Qxd3 exd4 33.Qxd4 Qf4 34.h3 Qxg5 35.e5 
dxe5 36.Qxe5 Qxe5 37.Nxe5 Bxg2+ 38.Kxg2 Rd8 39.Kf3 Bc5 40.Ke4 Rd4+ 41.Kf3 
a5 42.Re4 Rd2 43.Re2 Rd1 44.Ke4 Rd4+ 45.Kf3 g6 46.Re4 Rd2 47.Re2 Rd1 48.
Ke4 Rd4+ 49.Kf3 Kg7 50.Re4 Rd2 51.Re2 Rd1 52.Ke4 Rd4+ 53.Kf3 Kf6 54.Ng4+ 
Kg5 55.Re5+ Kh4 56.Nf2 Rd2 57.Re4+ Kh5 58.Re5+ Kh6 59.Ng4+ Kg7 60.Rd5 Rxd5
61.cxd5 h5 62.Ne5 Bd6 63.Nc4 Bc7 64.d6 Bd8 65.Ne5 g5 66.Nc6 Bf6 67.d7 Kf7 
68.d8=Q Bxd8 69.Nxd8+ Ke7 70.Nc6+ Kd6 71.Nd4 g4+ 72.hxg4 hxg4+ 73.Kxg4 Kc5
74.Nc2 b5 75.axb5 Kxb5 76.Kf3 a4 1/2-1/2